000 004630000a22001930004500
003 LK-CoMWRAF
005 20230916055537.0
008 230817t1996 ||||| |||| 00| 0 eng d
020 _a9960740560
040 _aLK-CoMWRAF
_dLK-CoMWRAF
_eLK-CoMWRAF
041 _aeng
082 _a297.2
_bHAS
100 _aHasan, Suhaib
245 _aThe Muslim creed
260 _aSaudi Arabia(Riyadh) :
_bDarussalam,
_c1996
300 _a24p
650 _aIslam
942 _cBK
999 _c863
_d863